000
00342nam a2200145Ia 4500
008
150201s2009 xx 000 0 und d
082
_a
612.015
_b
P09S
100
_a
SINGH, S.P.
245
_a
PRACTICAL MANUAL OF BIOCHEMISTRY
250
_a
6TH
260
_b
CBS
_a
DELHI
_c
2009
300
_a
1-365
650
_a
BIOCHEMISTRY
942
_2
ddc
_c
BK
_0
7
999
_c
285
_d
285